• ҳ
  • ݽ
  • ֪ͨ
  • ݲؼ
  • Դ
  • ߵ
  • οѯ
  • ҵͼ
  • ¼
  • ڿϸʾ
  • ֿʾ
  • ϶ʾ
  • ƪĿϢʾ

ڿϢ

  • 表格格式
  • 工作单格式
  • 卡片格式
索取号 
G27/LTSHJ
题名 
̨
作者 
分册号 
分册名 
出版地 
出版者 
̨硷ί
标准刊号 
1006-7744
出版频率 
¿
中图法分类 
G279.2731
主题词 
电子资源 
000 01425nas002200397 45
001 1196060412
005 20180914084801.93
011    @a1006-7744@dCNY16.00(2014)
091    @aCN21-1354/G2
092    @aCN@b8-294
100    @a19960701a19959999ekmy0chiy0121 eb
101 0  @achi
102    @aCN@b210000
110    @aafaz 0yd0
200 1  @ą@ALan Tai Shi Jie@h@h
207  0 @a1995,no.1(1995,1,10)=65
210    @a@bʡкƽƽϴ45(110006)@c̨硷ί@d1995201
215    @d26cm
305    @a2018롶̨硷ϰ
326    @a¿
327 0  @aҪ,Ҫ@aʵ@a̳@aо@a@aҵָ@a嵵@aѡ@a@a˴
430  1 @12001 @a
444    @12001 @ą@hϰ
540 1  @ą @ALan Tai Shi Jie
541 1  @aArchives world@zeng
610 0  @aѧ@a
676    @a025.171@v19
676    @a351.7146@v19
690    @aG279.2731@v3
701 0  @a(פ)@ALiu Yong Qing ( Zhu Shen )@4ܱ༩
711 02 @aʡѧ@ALIAO NING SHENG DANG AN XUE HUI@4
711 02 @aйϽЭᵵо@AZhong Guo Lao Jiao Shou Xie Hui Dang An Yu Wen Mi Yan Jiu Suo@4
711 02 @a@ALiao Ning Dang An Ju@4
711 02 @a@ALiao Ning Dang An Guan@4
801  0 @aCN@bPFT@c20110613
905    @dG27@eLTSHJ@v65@y19952017
    
    ̨...-1995,no.1(1995,1,10)=65.-(ʡкƽƽϴ45(110006))̨硷ίᣬ1995201
    26cm
    ̳У
    ݣҪ,Ҫģʵ᣻̳оãҵָ嵵ѡǣɣ˴
    ISSN 1006-7744CNY16.00(2014)
    
●
相关链接: 在易读查询期刊 在中国知网中查询期刊 在万方数据查询期刊 在维普查询期刊
ɽʦѧԺͼ 欢迎您!
大连网信软件有限公司© 版权所有